000
00211nam a22001097a 4500
999
_c
65319
_d
65316
082
_a
297.3KED
100
_a
Kedourie
245
_a
Islam in the Modern World
260
_a
London
300
_a
332p
942
_c
BK